000 00655nam a2200193 i 4500
001 128417
003 ES-MaACL
005 20230906193255.0
007 t|
008 070510s1962 sp ||||1| spa d
100 1 _aTaillandier, Yvon.
_9145663
245 1 0 _aCreación Miró 1961 /
_cIvon Taillandier ; fotoscop Gomis-Prat ; selección y secuencia J. Prats Vallés.
260 _a[Barcelona] :
_bR.M.,
_c1962.
300 _a25 p. :
_bil. col. ;
_c21 cm.
500 _aEdición trilingüe en español, inglés y francés.
700 1 _aGomis-Prats, Joaquím.
_958215
700 1 _aPrats Vallès, Joan.
_993709
852 _aES-MaACL
_jC-52512
_bR.85703
999 _c128417
_d128417